00592 2200217 4500001002100000005001700021008004100038035002400079090001800103100002000121245007700141250001100218260003800229300002500267650001900292850001200311980001500323985000600338999001500344999001500359YOGYA-0209000002748120090227024139.0 ind  0010-020900000027481 a323.44bHar K aHARAHAP, Krisna aKebebasan pers di Indonesiabkaitannya dengan surat izincKrisna harahap aCet. 1 aBandungbGrafiti Budi Utamic1996 aviii, 190 hlmc21 cm aKebebasan Pers aYOPDYOG a11-16-2006 a2 a06A0016263 a06A0016264